000 00564nam a2200193Ia 4500
005 20260429112250.0
008 260429s9999||||xx |||||||||||||| ||und||
020 _a9781804294833
041 _aEnglish
082 _a362.1988
_bPET
100 _aPetchesky, Rosalind Pollack
245 0 _aAbortion and women's choice :
_bthe state, sexuality and reproductive freedom /
_cRosalind Pollack Petchesky
250 _a1st ed.
260 _aLondon :
_bVerso,
_c2024.
300 _axl, 404 p.; pbk
650 _a Women's choice
650 _aAbortion
942 _cTB
999 _c53205
_d53205